[Event "Open Tabor 2019"]
[Site "?"]
[Date "2019.08.02"]
[Round "7.11"]
[White "Brom, Jiri"]
[Black "Havluj, Zdenek"]
[Result "1/2-1/2"]
[WhiteElo "2018"]
[BlackElo "1890"]
[PlyCount "30"]
[SourceDate "2019.07.29"]

1. d4 Nf6 2. Nf3 g6 3. c4 Bg7 4. Nc3 d6 5. g3 O-O 6. Bg2 c6 7. O-O Qa5 8. e4
Qh5 9. Re1 Bh3 10. Bh1 Bg4 11. Qd3 Nfd7 12. Nb1 c5 13. Nbd2 Nc6 14. d5 Nce5 15.
Nxe5 Nxe5 1/2-1/2

[Event "Open Tabor 2019"]
[Site "?"]
[Date "2019.08.02"]
[Round "7.12"]
[White "Petrak, Robert"]
[Black "Lizner, Milan"]
[Result "1/2-1/2"]
[WhiteElo "2017"]
[BlackElo "1884"]
[PlyCount "69"]
[SourceDate "2019.07.29"]

1. e3 g6 2. Ne2 Bg7 3. g3 f5 4. Bg2 Nf6 5. d4 c6 6. c4 O-O 7. Nbc3 d6 8. O-O
Na6 9. a3 Nc7 10. b4 Bd7 11. Bb2 Qe8 12. Rc1 Rd8 13. Re1 Qf7 14. Qa4 a6 15. Qa5
Rc8 16. Na4 Na8 17. Nb6 Nxb6 18. Qxb6 Rb8 19. Rc2 Rfc8 20. Rec1 Ne8 21. Nf4 e5
22. Ne2 e4 23. Qa5 g5 24. Qa4 Bh6 25. Qb3 Be6 26. Qc3 d5 27. cxd5 Bxd5 28. Qd2
Nd6 29. Ba1 Rf8 30. Nc3 Nc4 31. Qe2 Nxa3 32. Nxd5 Nxc2 33. Ne7+ Qxe7 34. Qxc2
Qxb4 35. Bf1 1/2-1/2

[Event "Open Tabor 2019"]
[Site "?"]
[Date "2019.08.02"]
[Round "7.13"]
[White "Kubin, Petr"]
[Black "Krbusik, Marian"]
[Result "1/2-1/2"]
[WhiteElo "1997"]
[BlackElo "1881"]
[PlyCount "26"]
[SourceDate "2019.07.29"]

1. d4 Nf6 2. c4 e6 3. Nc3 d5 4. Bg5 Be7 5. e3 c6 6. Nf3 Nbd7 7. Rc1 O-O 8. Qc2
Qa5 9. Bd3 dxc4 10. Bxc4 h6 11. Bh4 b5 12. Bb3 c5 13. a3 Bb7 1/2-1/2

[Event "Open Tabor 2019"]
[Site "?"]
[Date "2019.08.02"]
[Round "7.14"]
[White "Bartos, Alois"]
[Black "Pavlicek, Petr"]
[Result "1-0"]
[WhiteElo "1953"]
[BlackElo "1828"]
[PlyCount "125"]
[SourceDate "2019.07.29"]

1. e4 c5 2. Nc3 d6 3. g3 Nc6 4. Bg2 g6 5. Nge2 Bg7 6. O-O e6 7. d3 Nge7 8. Be3
O-O 9. Qd2 Nd4 10. Rae1 Nec6 11. Nd1 Qa5 12. Qxa5 Nxa5 13. Nxd4 cxd4 14. Bd2
Nc6 15. c3 Bd7 16. f4 Rfe8 17. c4 a5 18. Nf2 e5 19. Rc1 b6 20. b3 f6 21. a3 Bh6
22. Rc2 Bf8 23. h3 h6 24. Rb2 Reb8 25. Rfb1 Kg7 26. Kf1 Nd8 27. Ke2 Be7 28. Bf3
Ra7 29. g4 g5 30. fxg5 hxg5 31. Nh1 Ne6 32. Ng3 Rh8 33. Nf5+ Kf7 34. Rh1 Nf4+
35. Bxf4 gxf4 36. h4 Bf8 37. h5 Ke6 38. Nh4 Be8 39. Kd1 Rg7 40. Rbh2 Rgg8 41.
Kc2 Kd7 42. b4 axb4 43. axb4 Kc6 44. Kb3 Bd7 45. Nf5 Rh7 46. Ra2 Kc7 47. Ra7+
Kd8 48. Rha1 Rgh8 49. Ra8+ Bc8 50. R1a7 Rc7 51. Rxc7 Kxc7 52. Ra7+ Kd8 53. Rf7
Bxf5 54. exf5 Be7 55. Rg7 Ke8 56. Ka4 Kf8 57. Rg6 Bd8 58. Bd5 Rh7 59. Rg8+ Ke7
60. Kb5 Kd7 61. Rg6 Kc8 62. h6 Rh8 63. Kc6 1-0

[Event "Open Tabor 2019"]
[Site "?"]
[Date "2019.08.02"]
[Round "7.15"]
[White "Slajs, Vlastimil"]
[Black "Hasek, Vaclav"]
[Result "1/2-1/2"]
[WhiteElo "1769"]
[BlackElo "1929"]
[PlyCount "33"]
[SourceDate "2019.07.29"]

1. d4 d5 2. c4 c6 3. Nc3 Nf6 4. Nf3 Bf5 5. Bf4 e6 6. e3 Be7 7. Be2 O-O 8. O-O
Nbd7 9. h3 dxc4 10. Bxc4 Nb6 11. Bb3 Nbd5 12. Bh2 Nxc3 13. bxc3 c5 14. Rc1 Rc8
15. Qe2 a6 16. a4 Be4 17. Rfd1 1/2-1/2

[Event "Open Tabor 2019"]
[Site "?"]
[Date "2019.08.02"]
[Round "7.16"]
[White "Parak, Dominik"]
[Black "Alexa, Jaroslav"]
[Result "1-0"]
[WhiteElo "2091"]
[BlackElo "1734"]
[PlyCount "87"]
[SourceDate "2019.07.29"]

1. e4 d5 2. exd5 Qxd5 3. Nc3 Qa5 4. d4 Nf6 5. Nf3 c6 6. Bd3 Bg4 7. O-O e6 8.
Re1 Be7 9. h3 Bh5 10. Bd2 Qd8 11. Be3 O-O 12. Qe2 Nbd7 13. Rad1 Nb6 14. Bc1 Qc7
15. Ne4 Nbd5 16. Ng3 Bg6 17. Bxg6 hxg6 18. c4 Nb6 19. Ne5 Nbd7 20. Qc2 Bd6 21.
Bf4 Rfd8 22. c5 Bxe5 23. dxe5 Nd5 24. Bg5 Rf8 25. f4 Qa5 26. Ne4 b6 27. cxb6
Qxb6+ 28. Kh1 a5 29. Bh4 Rac8 30. Bf2 Qc7 31. Nd6 Rb8 32. Re4 f5 33. Rc4 Ne7
34. b3 Rb4 35. Rxb4 axb4 36. Nb5 Qb7 37. Nd4 Kf7 38. Nf3 Nd5 39. Ng5+ Ke7 40.
Bc5+ Nxc5 41. Qxc5+ Ke8 42. Nxe6 Rf7 43. g3 Qb6 44. Rxd5 1-0

[Event "Open Tabor 2019"]
[Site "?"]
[Date "2019.08.02"]
[Round "7.17"]
[White "Gruber, Milos"]
[Black "Rolinkova, Lucie"]
[Result "1-0"]
[WhiteElo "1937"]
[BlackElo "1703"]
[PlyCount "95"]
[SourceDate "2019.07.29"]

1. e4 d5 2. exd5 Qxd5 3. Nc3 Qa5 4. d4 Nf6 5. Bc4 Bf5 6. Bd2 c6 7. Nd5 Qd8 8.
Nxf6+ gxf6 9. Nf3 e6 10. c3 Bd6 11. Qe2 Nd7 12. Nh4 Bg6 13. Nxg6 hxg6 14. O-O-O
Qe7 15. Rde1 O-O-O 16. d5 cxd5 17. Bxd5 Nc5 18. b4 Na4 19. Qb5 Nb6 20. Bf3 Qc7
21. Kc2 Nc4 22. Bxb7+ Qxb7 23. Qxc4+ Kb8 24. Kb3 Qxg2 25. Be3 Qb7 26. Rd1 Rc8
27. Qd3 Be5 28. Bd4 Qd5+ 29. c4 Qxd4 30. Qxd4 Bxd4 31. Rxd4 Rcd8 32. Rxd8+ Rxd8
33. Kc3 Kc7 34. f4 f5 35. a4 Kc6 36. h4 Rh8 37. a5 f6 38. Re1 Kd6 39. c5+ Kd5
40. Rd1+ Ke4 41. c6 Kxf4 42. b5 Rc8 43. Kb4 e5 44. Kc5 e4 45. b6 axb6+ 46. axb6
e3 47. b7 e2 48. Rc1 1-0

[Event "Open Tabor 2019"]
[Site "?"]
[Date "2019.08.02"]
[Round "7.18"]
[White "Mihal, Sergej"]
[Black "Chval, Zdenek"]
[Result "0-1"]
[WhiteElo "1890"]
[BlackElo "1700"]
[PlyCount "95"]
[SourceDate "2019.07.29"]

1. e4 c5 2. g3 Nc6 3. Bg2 d6 4. Ne2 g6 5. c3 Bg7 6. O-O e6 7. d3 Nge7 8. Be3
O-O 9. d4 cxd4 10. cxd4 a6 11. Qd2 b5 12. Bh6 Bb7 13. Bxg7 Kxg7 14. Na3 Rc8 15.
Rac1 Qb6 16. h4 Rc7 17. h5 f5 18. Nf4 Rf6 19. h6+ Kf7 20. e5 dxe5 21. dxe5 Nxe5
22. Qd8 N7c6 23. Qh8 Ke7 24. Qxh7+ Rf7 25. Nxg6+ Kf6 26. Rxc6 Bxc6 27. Qh8+
Kxg6 28. Qxe5 Bxg2 29. Kxg2 Rh7 30. Rd1 Qc6+ 31. f3 Rcd7 32. Re1 Rd2+ 33. Re2
Rxe2+ 34. Qxe2 Rxh6 35. Nc2 Qc4 36. Qxc4 bxc4 37. Ne3 c3 38. bxc3 Rh7 39. Kf2
Rh1 40. Ke2 Rh2+ 41. Kd3 Rxa2 42. Nc2 Rb2 43. f4 Kf6 44. Ne3 Rf2 45. g4 Rxf4
46. gxf5 Rxf5 47. Nxf5 exf5 48. Kd4 0-1

[Event "Open Tabor 2019"]
[Site "?"]
[Date "2019.08.02"]
[Round "7.19"]
[White "Petr, Josef"]
[Black "Zidu, Jan"]
[Result "0-1"]
[WhiteElo "1586"]
[BlackElo "1852"]
[PlyCount "74"]
[SourceDate "2019.07.29"]

1. d4 Nf6 2. Nf3 g6 3. Bf4 Bg7 4. e3 d6 5. Nbd2 O-O 6. c3 Nbd7 7. h3 c5 8. Qc2
a6 9. Bd3 b5 10. O-O c4 11. Be2 Nd5 12. Bh2 Bh6 13. Rfe1 Bb7 14. Nf1 N7b6 15.
a3 f5 16. e4 Nf4 17. exf5 Rxf5 18. Ne3 Nxe2+ 19. Qxe2 Bxf3 20. gxf3 Rf7 21. Ng4
Bg7 22. Qe4 Qd7 23. Kg2 Raf8 24. f4 h5 25. Ne3 Bh6 26. Re2 Kg7 27. Nf1 Nc8 28.
Rae1 Bxf4 29. Bxf4 Rxf4 30. Qe3 Qc6+ 31. Kh2 Rf3 32. Qd2 Qd7 33. Kh1 Qxh3+ 34.
Nh2 Qh4 35. Rg1 Rxf2 36. Rg2 Rf1+ 37. Rg1 R8f2 0-1

[Event "Open Tabor 2019"]
[Site "?"]
[Date "2019.08.02"]
[Round "7.20"]
[White "Toman, Antonin"]
[Black "Malimanek, Marek"]
[Result "1/2-1/2"]
[WhiteElo "1820"]
[BlackElo "1408"]
[PlyCount "75"]
[SourceDate "2019.07.29"]

1. e4 e5 2. Nf3 Nc6 3. Bb5 Nf6 4. O-O Nxe4 5. Re1 Nd6 6. Nxe5 Nxe5 7. Rxe5+ Be7
8. Ba4 O-O 9. d4 Nc4 10. Re1 Nb6 11. Bb3 d5 12. Nd2 Re8 13. Nf3 Bg4 14. c3 Bf6
15. Bf4 Rxe1+ 16. Qxe1 Bxf3 17. gxf3 c6 18. Bc2 Qe8 19. b3 g6 20. Kg2 Bg7 21.
Qd2 Qd7 22. Re1 Re8 23. Re3 Re6 24. Qe2 Qe7 25. Rxe6 Qxe6 26. Qxe6 fxe6 27. Bc7
Nd7 28. f4 c5 29. Be5 cxd4 30. cxd4 Kf7 31. Bd3 a6 32. Kf3 Nb6 33. Ke3 Nc8 34.
Be2 Ne7 35. Bg4 Bxe5 36. fxe5 a5 37. a4 b6 38. h3 1/2-1/2

[Event "Open Tabor 2019"]
[Site "?"]
[Date "2019.08.02"]
[Round "7.21"]
[White "Rolinkova, Adela"]
[Black "Prachar, Josef"]
[Result "0-1"]
[WhiteElo "1211"]
[BlackElo "1789"]
[PlyCount "102"]
[SourceDate "2019.07.29"]

1. e4 c5 2. Nf3 Nc6 3. d4 cxd4 4. Nxd4 Nf6 5. Nc3 e5 6. Nb3 Bb4 7. Bd3 O-O 8.
Bd2 d6 9. Qe2 Be6 10. a3 Bxc3 11. Bxc3 Qb6 12. Nd2 Qc5 13. O-O Bg4 14. Nf3 Rfe8
15. h3 Bh5 16. Bb4 Nxb4 17. axb4 Qxb4 18. c3 Qb6 19. b4 a6 20. Ra3 Kh8 21. Rfa1
Rac8 22. Bc2 Qc7 23. Qe3 Bxf3 24. Qxf3 Qc4 25. Rd1 Qc7 26. Qd3 Rcd8 27. c4 g6
28. Ba4 Rf8 29. Rc3 Qe7 30. b5 axb5 31. Bxb5 Nh5 32. g3 Ng7 33. Qd2 Ne6 34. Rd3
Nd4 35. f4 Qc7 36. Kh2 Ra8 37. fxe5 dxe5 38. Rf1 Qe7 39. Qf2 Kg7 40. h4 h5 41.
Rd2 Ra5 42. Rb2 Rfa8 43. Kh1 Ra1 44. Kg2 Rxf1 45. Qxf1 Qe6 46. Rf2 Ra3 47. Kh2
f6 48. Rd2 Qg4 49. Rd3 Ra2+ 50. Kh1 Qxe4+ 51. Kg1 Ne2+ 0-1

[Event "Open Tabor 2019"]
[Site "?"]
[Date "2019.08.02"]
[Round "7.22"]
[White "Vavrousek, Petr"]
[Black "Kovar, Petr"]
[Result "0-1"]
[WhiteElo "1686"]
[BlackElo "1937"]
[PlyCount "88"]
[SourceDate "2019.07.29"]

1. e4 d6 2. d4 Nf6 3. Nc3 g6 4. Be3 Bg7 5. h3 c6 6. f4 O-O 7. Nf3 Qa5 8. Qd2 b5
9. e5 Nfd7 10. Bd3 dxe5 11. fxe5 Nb6 12. h4 Bg4 13. Nh2 Be6 14. b3 Nd5 15. Nxd5
Qxd2+ 16. Bxd2 Bxd5 17. Nf3 Rd8 18. c4 bxc4 19. bxc4 Bxf3 20. gxf3 Rxd4 21. Ke2
Na6 22. Bc3 Rdd8 23. h5 Nc5 24. Bc2 Ne6 25. Rh4 g5 26. Rg1 h6 27. Re4 c5 28.
Ke3 Rab8 29. f4 Nxf4 30. Rxf4 gxf4+ 31. Kxf4 e6 32. Rg3 Kh8 33. Rd3 Rxd3 34.
Bxd3 a5 35. Be4 a4 36. Bc6 a3 37. Bb5 Rd8 38. Ba4 Rd3 39. Ba1 Bf8 40. Kg4 Be7
41. Kf4 Bg5+ 42. Kg4 Bc1 43. Bc2 Re3 44. Kh4 Rh3+ 0-1

[Event "Open Tabor 2019"]
[Site "?"]
[Date "2019.08.02"]
[Round "7.23"]
[White "Christen, Pierre"]
[Black "Glacner, Karel"]
[Result "0-1"]
[WhiteElo "1862"]
[BlackElo "1474"]
[PlyCount "68"]
[SourceDate "2019.07.29"]

1. c4 c5 2. g3 Nc6 3. Bg2 g6 4. Nc3 Bg7 5. Nf3 Bxc3 6. bxc3 d6 7. d4 Qa5 8. Bd2
Nf6 9. O-O O-O 10. Re1 Bf5 11. Nh4 Qa6 12. Nxf5 gxf5 13. Bh6 Rfd8 14. Qd2 Kh8
15. Rab1 Ne4 16. Qf4 Nxc3 17. Qxf5 Qxc4 18. e3 Qe6 19. Qxe6 fxe6 20. Rxb7 d5
21. dxc5 Rab8 22. Rc7 Rdc8 23. Rxc6 Rxc6 24. Bf4 Rbc8 25. Be5+ Kg8 26. Bxc3
Rxc5 27. Bb4 Rc2 28. a3 Kf7 29. Bf1 Ra2 30. Bd3 h5 31. h4 Kf6 32. Kg2 a5 33.
Bxa5 Rxa3 34. Ba6 Ra8 0-1

[Event "Open Tabor 2019"]
[Site "?"]
[Date "2019.08.02"]
[Round "7.24"]
[White "Chmelik, Benedikt"]
[Black "Mosnicka, Jan"]
[Result "1/2-1/2"]
[WhiteElo "1558"]
[BlackElo "1810"]
[PlyCount "77"]
[SourceDate "2019.07.29"]

1. e4 c5 2. Nf3 e6 3. d4 cxd4 4. Nxd4 Nf6 5. Nc3 d6 6. Be3 Be7 7. f3 Nc6 8. Qd2
a6 9. a4 Qc7 10. Be2 b6 11. O-O O-O 12. Rfd1 Rd8 13. Bf1 Bb7 14. Qf2 Nd7 15.
Rac1 Bf6 16. Nce2 Nxd4 17. Bxd4 d5 18. exd5 Bxd5 19. Nc3 Bb7 20. Bxf6 Nxf6 21.
Rd3 Rxd3 22. Bxd3 Rd8 23. Re1 Qd6 24. Rd1 Qc7 25. Qh4 h6 26. Qf2 Kf8 27. Re1
Qd6 28. Ne4 Bxe4 29. Bxe4 Nxe4 30. Rxe4 Qd1+ 31. Re1 Qd4 32. c3 Qxf2+ 33. Kxf2
Ke7 34. Ke2 e5 35. Rd1 Rxd1 36. Kxd1 Kd6 37. Kd2 Kd5 38. Kd3 f5 39. b3 1/2-1/2

[Event "Open Tabor 2019"]
[Site "?"]
[Date "2019.08.02"]
[Round "7.25"]
[White "Straka, Zdenek"]
[Black "Herynek, Petr"]
[Result "1/2-1/2"]
[WhiteElo "1730"]
[BlackElo "1612"]
[PlyCount "110"]
[SourceDate "2019.07.29"]

1. d4 Nf6 2. c4 g6 3. Nc3 d5 4. cxd5 Nxd5 5. e4 Nxc3 6. bxc3 Bg7 7. Qa4+ Bd7 8.
Qa3 c5 9. Qxc5 O-O 10. Nf3 Nc6 11. Be2 Rc8 12. Qa3 Qc7 13. O-O Rfe8 14. Be3 a6
15. Rac1 Bg4 16. h3 Bxf3 17. Bxf3 Na5 18. Be2 Nc4 19. Bxc4 Qxc4 20. Qb3 Qd3 21.
e5 Rc7 22. Rfd1 Qe4 23. Qc2 Qxc2 24. Rxc2 Rec8 25. Rdc1 Rc4 26. Kf1 e6 27. Ke2
Bf8 28. Kd3 Ba3 29. Rb1 b5 30. Rb3 Be7 31. Bc1 f6 32. f4 fxe5 33. fxe5 b4 34.
a3 a5 35. axb4 axb4 36. Bd2 bxc3 37. Rbxc3 Rxc3+ 38. Rxc3 Rxc3+ 39. Bxc3 Kg7
40. Ke4 Kf7 41. d5 exd5+ 42. Kxd5 Ba3 43. e6+ Ke7 44. Bd2 Kf6 45. h4 Ke7 46.
Bg5+ Ke8 47. Bf6 Bb4 48. g4 Ba3 49. h5 Bb4 50. hxg6 hxg6 51. Ke4 Bd6 52. Kf3
Bc7 53. Ke4 Bd6 54. Kd5 Bb4 55. Bh4 Ba3 1/2-1/2

[Event "Open Tabor 2019"]
[Site "?"]
[Date "2019.08.02"]
[Round "7.26"]
[White "Vanek, Frantisek"]
[Black "Habada, Jindrich"]
[Result "0-1"]
[WhiteElo "1413"]
[BlackElo "1727"]
[PlyCount "80"]
[SourceDate "2019.07.29"]

1. Nf3 c5 2. b3 d5 3. e3 Nc6 4. Bb2 Bg4 5. Be2 e6 6. O-O Nf6 7. d4 Bd6 8. Nbd2
O-O 9. h3 Bf5 10. Ne5 Qc7 11. f4 Ne4 12. Nxc6 Qxc6 13. c4 Rac8 14. Rf3 a6 15.
Nxe4 Bxe4 16. Rg3 f6 17. Rc1 Kh8 18. Bd3 dxc4 19. Bxc4 Bb8 20. Qg4 g6 21. dxc5
h5 22. Qxe6 Qxe6 23. Bxe6 Rce8 24. Rg5 Rxe6 25. Rf1 Kh7 26. Rg3 Kg7 27. h4 Kf7
28. Rd1 Bc7 29. Rd7+ Re7 30. c6 bxc6 31. Rxe7+ Kxe7 32. Ba3+ Bd6 33. Bxd6+ Kxd6
34. Kf2 Kc5 35. Rh3 Kb4 36. Rh1 Rd8 37. Rc1 Rd2+ 38. Ke1 Rc2 39. Rxc2 Bxc2 40.
Kd2 Be4 0-1

[Event "Open Tabor 2019"]
[Site "?"]
[Date "2019.08.02"]
[Round "7.27"]
[White "Privoznik, Lubos"]
[Black "Cipera, Josef"]
[Result "1-0"]
[WhiteElo "1566"]
[BlackElo "1649"]
[PlyCount "91"]
[SourceDate "2019.07.29"]

1. e4 c5 2. Nc3 a6 3. Nge2 Qc7 4. d4 cxd4 5. Nxd4 e6 6. Bd3 Nf6 7. O-O Nc6 8.
Nxc6 dxc6 9. f4 e5 10. f5 h5 11. Qf3 Bd7 12. Kh1 O-O-O 13. Be3 c5 14. b3 Bc6
15. a4 Qa5 16. Nb5 Kb8 17. Na3 Qc7 18. Nc4 a5 19. Bd2 b6 20. Bc3 Nd7 21. Na3
Qb7 22. Qe2 Qa8 23. Nc4 f6 24. Bd2 Kc7 25. Rfd1 Be7 26. Na3 Kb8 27. Nb5 Kc8 28.
Nc3 Kc7 29. Bb5 Kc8 30. Bxc6 Qxc6 31. Nd5 Bd6 32. Be3 Kb7 33. c3 Nb8 34. b4
axb4 35. cxb4 Rd7 36. Rdc1 Qc8 37. bxc5 Bxc5 38. Bxc5 bxc5 39. Qb5+ Ka7 40.
Rxc5 Qb7 41. Qa5+ Na6 42. Rb5 Qc6 43. Nb4 Qd6 44. Rd5 Rhd8 45. Rxd6 Rxd6 46.
Nc6+ 1-0

[Event "Open Tabor 2019"]
[Site "?"]
[Date "2019.08.02"]
[Round "7.28"]
[White "Sedivy, Karel"]
[Black "Steinbauer, Sebastian"]
[Result "0-1"]
[WhiteElo "1757"]
[BlackElo "1294"]
[PlyCount "45"]
[SourceDate "2019.07.29"]

1. d4 Nf6 2. c4 e5 3. e3 Bb4+ 4. Bd2 Bxd2+ 5. Nxd2 exd4 6. exd4 O-O 7. Bd3 b6
8. Ne2 Bb7 9. O-O d5 10. Nf3 Nbd7 11. cxd5 Bxd5 12. Nc3 Bb7 13. Re1 c5 14. Be4
Nxe4 15. Nxe4 Re8 16. Nd6 Rxe1+ 17. Nxe1 Bc6 18. d5 Bb7 19. Qh5 g6 20. Qf3 Ne5
21. Qg3 Qxd6 22. Nd3 Nc4 23. Qh3 0-1

[Event "Open Tabor 2019"]
[Site "?"]
[Date "2019.08.02"]
[Round "7.29"]
[White "Lapunik, Pavel"]
[Black "Svec, Vitezslav"]
[Result "1/2-1/2"]
[WhiteElo "1725"]
[BlackElo "1609"]
[PlyCount "68"]
[SourceDate "2019.07.29"]

1. f4 d5 2. Nf3 Nf6 3. e3 c5 4. b3 e6 5. Bb2 Be7 6. Bd3 b6 7. Ne5 Bb7 8. Bb5+
Kf8 9. Be2 d4 10. Bf3 Bxf3 11. Qxf3 Qd5 12. Qh3 dxe3 13. dxe3 Ne4 14. O-O Nc6
15. c4 Qd6 16. Qf3 f5 17. Qh3 Bf6 18. Ng6+ Kg8 19. Be5 Bxe5 20. fxe5 Nxe5 21.
Nxh8 Kxh8 22. Na3 Nc3 23. Nb5 Nxb5 24. cxb5 Rd8 25. Qg3 Ng4 26. Qxd6 Rxd6 27.
e4 Ne3 28. Rf3 Nc2 29. Rc1 Nd4 30. Rf2 Kg8 31. exf5 exf5 32. Re1 Kf7 33. g3 g6
34. Kg2 Rd7 1/2-1/2

[Event "Open Tabor 2019"]
[Site "?"]
[Date "2019.08.02"]
[Round "7.30"]
[White "Slaby, Martin"]
[Black "Kotal, Vit"]
[Result "0-1"]
[WhiteElo "1164"]
[BlackElo "1558"]
[PlyCount "85"]
[SourceDate "2019.07.29"]

1. c4 Nf6 2. b3 g6 3. Bb2 Bg7 4. e3 d6 5. h3 c5 6. d3 Na6 7. Be2 O-O 8. Nf3 Nc7
9. O-O a6 10. Nbd2 b5 11. Qc2 Bb7 12. cxb5 axb5 13. a3 Qd7 14. Rac1 Rfc8 15.
Rfe1 Ncd5 16. Qb1 Ba6 17. Qa1 b4 18. a4 Nc3 19. Bxc3 bxc3 20. Qxc3 Nd5 21. Qc2
Rab8 22. Ne4 f5 23. Ng3 Nb4 24. Qd2 e5 25. e4 f4 26. Nf1 Nc6 27. d4 Bxe2 28.
Qxe2 cxd4 29. Ng5 Bf6 30. Qc4+ Kh8 31. Qf7 Qe7 32. Qd5 Nb4 33. Rxc8+ Rxc8 34.
Qb5 Nc2 35. Rc1 Bxg5 36. Qd3 Qc7 37. Nd2 Qc3 38. Qa6 Rd8 39. Nb1 Qb2 40. Qf1 f3
41. Qd1 Qxc1 42. Qxc1 Bxc1 43. h4 0-1

[Event "Open Tabor 2019"]
[Site "?"]
[Date "2019.08.02"]
[Round "7.31"]
[White "Novak, Rudolf"]
[Black "Slaby, Matej"]
[Result "1-0"]
[WhiteElo "1499"]
[BlackElo "1000"]
[PlyCount "43"]
[SourceDate "2019.07.29"]

1. e4 c5 2. Nf3 b6 3. d4 cxd4 4. Nxd4 Bb7 5. Nc3 a6 6. Bd3 e6 7. O-O d6 8. Be3
Nd7 9. Nf3 Ngf6 10. Bg5 Be7 11. Re1 O-O 12. e5 dxe5 13. Nxe5 Nxe5 14. Rxe5 Qc7
15. Re1 Rac8 16. Bxf6 Bxf6 17. Rb1 b5 18. Ne4 Be5 19. Qh5 g6 20. Qh3 f5 21. Ng5
Qd6 22. Qxh7# 1-0

[Event "Open Tabor 2019"]
[Site "?"]
[Date "2019.08.02"]
[Round "7.32"]
[White "Policar, Martin"]
[Black "Vojta, Ladislav"]
[Result "0-1"]
[WhiteElo "1045"]
[BlackElo "1471"]
[PlyCount "79"]
[SourceDate "2019.07.29"]

1. e4 a6 2. d4 b5 3. Nf3 Bb7 4. e5 e6 5. a3 c5 6. b4 cxb4 7. axb4 Bxb4+ 8. Bd2
Be7 9. Bd3 Nc6 10. O-O d6 11. Bf4 dxe5 12. Bxe5 Bf6 13. Nc3 Bxe5 14. dxe5 Qc7
15. Be4 f6 16. Qd6 Qxd6 17. exd6 f5 18. Bxc6+ Bxc6 19. Ne5 Bd7 20. Nxd7 Kxd7
21. Nxb5 Nf6 22. Nc7 Ra7 23. Rxa6 Rxa6 24. Nxa6 Kxd6 25. Rd1+ Ke7 26. c4 Ra8
27. Nb4 Rc8 28. Rc1 Nd7 29. Nd3 Kd6 30. g3 e5 31. Kg2 e4 32. Nf4 Ke5 33. Rd1
Nb6 34. Kh3 Rxc4 35. Re1 g5 36. Nd3+ Kd4 37. Nb2 Rc2 38. Rd1+ Kc3 39. Rd6 Rxb2
40. Kg2 0-1

[Event "Open Tabor 2019"]
[Site "?"]
[Date "2019.08.02"]
[Round "7.33"]
[White "Prochazka, Pavel"]
[Black "Kubes, Patrik"]
[Result "1-0"]
[WhiteElo "1681"]
[BlackElo "1000"]
[PlyCount "41"]
[SourceDate "2019.07.29"]

1. e4 e5 2. d4 f6 3. Nf3 exd4 4. Bc4 d6 5. c3 dxc3 6. O-O cxb2 7. Bxb2 Qe7 8.
Nc3 c6 9. Re1 b5 10. Bb3 Be6 11. Re3 Bxb3 12. axb3 Qf7 13. Ba3 c5 14. Nxb5 a6
15. Nxd6+ Bxd6 16. Qxd6 Qd7 17. Qxc5 Ne7 18. e5 Nbc6 19. exf6 gxf6 20. Rae1
O-O-O 21. Rxe7 1-0

[Event "Open Tabor 2019"]
[Site "?"]
[Date "2019.08.02"]
[Round "7.34"]
[White "Postl, Frantisek"]
[Black "Tejnor, Pavel"]
[Result "1-0"]
[WhiteElo "1203"]
[BlackElo "1000"]
[PlyCount "90"]
[SourceDate "2019.07.29"]

1. e4 e5 2. Nf3 Nc6 3. d4 exd4 4. Nxd4 Nxd4 5. Qxd4 f6 6. Bc4 Qe7 7. Nc3 c6 8.
a4 Qe5 9. Qxe5+ fxe5 10. Bd2 h6 11. O-O-O Bb4 12. Na2 Be7 13. g3 Nf6 14. Nc3 d6
15. f4 Ng4 16. Rdf1 Bd7 17. h3 Nf6 18. f5 b6 19. g4 a6 20. g5 Nh5 21. Rhg1 b5
22. Be2 Nf4 23. Bxf4 exf4 24. Rxf4 hxg5 25. Rf3 b4 26. Nd1 c5 27. b3 Bc6 28.
Re3 O-O-O 29. Bxa6+ Kc7 30. e5 d5 31. Rf1 d4 32. Rd3 Rdf8 33. Nb2 g6 34. f6 Bd8
35. Nc4 Bd7 36. Nd6 Kb8 37. Rg3 Be6 38. Rxg5 Rxh3 39. Rxg6 d3 40. Bxd3 Re3 41.
Rg7 Bc7 42. f7 Bxd6 43. exd6 Rh3 44. Rg8 Rh8 45. Rxh8 Bh3 1-0

[Event "Open Tabor 2019"]
[Site "?"]
[Date "2019.08.02"]
[Round "7.35"]
[White "Tejnor, Martin"]
[Black "Benes, Jiri"]
[Result "1/2-1/2"]
[WhiteElo "1353"]
[BlackElo "1000"]
[PlyCount "129"]
[SourceDate "2019.07.29"]

1. e4 e5 2. Nf3 Nc6 3. Bc4 Bc5 4. c3 Nf6 5. d4 exd4 6. cxd4 Bb4+ 7. Bd2 Bxd2+
8. Nbxd2 d6 9. O-O O-O 10. Qc2 Bd7 11. Bd3 Nb4 12. Qc3 Nxd3 13. Qxd3 Re8 14.
Rfe1 h6 15. Re2 a6 16. a4 Qe7 17. Rae1 Qd8 18. b3 Bg4 19. Nf1 c6 20. Ng3 Nh7
21. h3 Bxf3 22. Qxf3 Ng5 23. Qd3 f6 24. f4 Nf7 25. Qf3 Qd7 26. Nf5 Kh7 27. Qg3
Rg8 28. Ne3 Raf8 29. Ng4 Nd8 30. Qh4 Qf7 31. Re3 Ne6 32. f5 Nxd4 33. Rd1 Nxb3
34. Red3 Rd8 35. Rxd6 Rxd6 36. Rxd6 Qe7 37. e5 Rd8 38. Rxd8 Qxd8 39. exf6 Qd4+
40. Kh1 Qd1+ 41. Kh2 Qd6+ 42. Qg3 Qxg3+ 43. Kxg3 gxf6 44. Nxf6+ Kg7 45. Nd7 c5
46. Nb6 Kf6 47. Kf4 c4 48. Nxc4 Nc5 49. Nb6 Nd3+ 50. Ke4 Ne5 51. g4 Nf7 52.
Nd7+ Kg5 53. Ne5 Nd8 54. Nf3+ Kf6 55. h4 b5 56. g5+ hxg5 57. hxg5+ Kg7 58. f6+
Kg6 59. Ne5+ Kxg5 60. f7 Nxf7 61. Nxf7+ Kf6 62. axb5 axb5 63. Nd6 b4 64. Nc4
Ke6 65. Kd4 1/2-1/2

[Event "Open Tabor 2019"]
[Site "?"]
[Date "2019.07.29"]
[Round "2.14"]
[White "Pavlicek, Petr"]
[Black "Rolinek, Dominik"]
[Result "1-0"]
[WhiteElo "1828"]
[BlackElo "2004"]
[PlyCount "89"]
[SourceDate "2019.07.29"]

1. c4 e5 2. Nc3 Nf6 3. Nf3 Nc6 4. g3 d5 5. cxd5 Nxd5 6. Bg2 Nb6 7. O-O Be7 8.
d3 O-O 9. a3 Re8 10. b4 Bf8 11. Bb2 Bg4 12. h3 Be6 13. Rc1 a5 14. b5 Nd4 15.
Nxd4 exd4 16. Na4 Bd5 17. Nxb6 cxb6 18. Bxd5 Qxd5 19. a4 Bc5 20. Rc4 Rad8 21.
Re1 Rd6 22. Bc1 Qh5 23. Kg2 Rde6 24. e4 Qg6 25. Qg4 Qxg4 26. hxg4 Rc8 27. Bb2
Rd6 28. Ba3 Rd7 29. Rec1 Rdc7 30. Bb2 Rd8 31. Bxd4 Rcd7 32. Bxc5 bxc5 33. Rxc5
Rxd3 34. Rc8 g6 35. R1c7 Rxc8 36. Rxc8+ Kg7 37. Rc7 Rd4 38. e5 Re4 39. f4 Kf8
40. Rxb7 Rxa4 41. Ra7 Ra2+ 42. Kf3 a4 43. b6 Rb2 44. b7 Kg7 45. e6 1-0

[Event "Open Tabor 2019"]
[Site "?"]
[Date "2019.07.29"]
[Round "2.15"]
[White "Loskot, Petr"]
[Black "Otradovec, Lubos"]
[Result "1-0"]
[WhiteElo "1999"]
[BlackElo "1843"]
[PlyCount "138"]
[SourceDate "2019.07.29"]

1. e4 d5 2. exd5 Qxd5 3. Nc3 Qa5 4. d4 c6 5. Bc4 Nf6 6. Qe2 Bf5 7. f3 e6 8. g4
Bg6 9. h4 Bb4 10. Bd2 h5 11. O-O-O Nbd7 12. a3 Bxc3 13. Bxc3 Qc7 14. d5 cxd5
15. Bxd5 O-O-O 16. Bc4 hxg4 17. fxg4 Qf4+ 18. Kb1 Qxg4 19. Qxg4 Nxg4 20. Bxg7
Rh7 21. Bd4 Nde5 22. Be2 Be4 23. Rh3 a6 24. Rc3+ Bc6 25. Nf3 f6 26. Kc1 Rdd7
27. Rc5 Kc7 28. h5 b6 29. Rc3 Kb7 30. Nxe5 Nxe5 31. Bxe5 Rxd1+ 32. Kxd1 fxe5
33. Bxa6+ Kxa6 34. Rxc6 Rxh5 35. Rxe6 Kb5 36. b3 Kc5 37. Kd2 b5 38. Re8 Kd5 39.
Rd8+ Kc5 40. Rc8+ Kd4 41. Rd8+ Kc5 42. Ke3 Rh4 43. Kd3 Rg4 44. b4+ Kc6 45. Rc8+
Kd6 46. Rc5 Rg3+ 47. Ke4 Rxa3 48. Rxb5 Rc3 49. Rd5+ Kc6 50. Rd8 Kc7 51. Rd2
Rc4+ 52. Kxe5 Rxb4 53. Rd4 Rb5+ 54. Rd5 Rb4 55. Rc5+ Kb6 56. Kd5 Ra4 57. Rc6+
Kb7 58. Re6 Ra2 59. c4 Rd2+ 60. Kc5 Kc7 61. Re7+ Kd8 62. Ra7 Kc8 63. Kc6 Kb8
64. Rd7 Rc2 65. Rd8+ Ka7 66. c5 Rc1 67. Rc8 Rd1 68. Kc7 Rd5 69. c6 Rh5 1-0

[Event "Open Tabor 2019"]
[Site "?"]
[Date "2019.07.29"]
[Round "2.17"]
[White "Kotal, Vaclav"]
[Black "Kotal, Vit"]
[Result "1-0"]
[WhiteElo "2205"]
[BlackElo "1556"]
[PlyCount "45"]
[SourceDate "2019.07.29"]

1. e4 c5 2. Nf3 Nc6 3. d4 cxd4 4. Nxd4 Nf6 5. Nc3 g6 6. Be3 Bg7 7. Bc4 O-O 8.
Bb3 d6 9. f3 a6 10. Qd2 Bd7 11. h4 h5 12. O-O-O Rc8 13. Rdg1 b5 14. g4 Ne5 15.
Nd5 hxg4 16. Nxf6+ exf6 17. h5 Re8 18. hxg6 Nxg6 19. Qh2 Kf8 20. Qh7 Ne5 21.
Bh6 Bxh6+ 22. Rxh6 Ke7 23. Qg7 1-0